Зло в имени твоем. Измена в имени твоем: романы

Λεπτομέρειες βιβλιογραφικής εγγραφής
Κύριος συγγραφέας: Абдуллаев Ч. А. Чингиз Акифович
Περίληψη:Она — новый агент российской спецслужбы. Ей предстоит доказать, что она способна стоять рядом с лучшими из лучших. Ее первое задание кажется простым, но окажется сложным и опасным. В далекой стране она должна выполнить нелегкую и опасную «работу», но самым трудным в этой «работе», похоже, будет выжить...
Γλώσσα:Ρωσικά
Έκδοση: Москва, АСТ, 2000
Σειρά:Черный квадрат
Θέματα:
Μορφή: Βιβλίο
KOHA link:https://koha.lib.tpu.ru/cgi-bin/koha/opac-detail.pl?biblionumber=8156

MARC

LEADER 00000nam0a2200000 4500
001 8156
005 20231030181705.0
010 |a 5237053947 
035 |a (RuTPU)RU\TPU\book\8202 
035 |a BOOK00008261 
090 |a 8156 
100 |a 20011209d2000 m y0rusy50 ca 
101 0 |a rus 
102 |a RU 
105 |a y z 000ay 
200 1 |a Зло в имени твоем. Измена в имени твоем  |e романы  |f Ч. А. Абдуллаев 
210 |a Москва  |c АСТ  |d 2000 
215 |a 416 с. 
225 1 |a Черный квадрат 
330 |a Она — новый агент российской спецслужбы. Ей предстоит доказать, что она способна стоять рядом с лучшими из лучших. Ее первое задание кажется простым, но окажется сложным и опасным. В далекой стране она должна выполнить нелегкую и опасную «работу», но самым трудным в этой «работе», похоже, будет выжить... 
610 1 |a романы 
610 1 |a детективы 
610 1 |a русская литература 
675 |a Р2  |v 3 
700 1 |a Абдуллаев  |b Ч. А.  |g Чингиз Акифович 
801 0 |a RU  |b 63413507  |c 20011209  |g PSBO 
801 2 |a RU  |b 63413507  |c 20061204  |g PSBO 
942 |c BK